El Castillo y el Monasterio de Sant Genís de Rocafort incorporados al patrimonio artístico provincial / por I. C. B.
Publicado:
San Jorge, núm. 67 - 68 (2n semestre 1967), pàg 77 - 79 :
MARC
| LEADER | 00000nam a2200000Ia 4500 | ||
|---|---|---|---|
| 001 | |||
| 008 | 160829s9999 xx 000 0 cat d | ||
| 100 | 1 | |a Clopas i Batlle, Isidre, |d 1913-2001 |9 24339 | |
| 245 | |a El Castillo y el Monasterio de Sant Genís de Rocafort incorporados al patrimonio artístico provincial / por I. C. B. | ||
| 260 | |a San Jorge, núm. 67 - 68 (2n semestre 1967), pàg 77 - 79 | ||
| 650 | |a Monestir de Sant Genís de Rocafort |9 40647 | ||
| 650 | |a Monestirs benedictins |x Catalunya |9 40648 | ||
| 901 | |a Arxiu | ||
| 942 | |n 1 | ||
| 952 | |0 0 |1 0 |4 0 |7 1 |9 49831 |a Arxiu |b Arxiu |d 2016-12-01 |l 0 |r 2016-12-01 00:00:00 |w 2016-12-01 |y ARXIU | ||
| 999 | |c 53673 |d 53673 | ||